Holiday Quiz

Random Holiday or Christmas Quiz

Merry Christmas Quiz Stats

 Plays Quiz Updated Jan 10, 2012

Score 0/14 Timer 04:00
1 Play Today
Language Saying % Correct
EnglishMerry Christmas
98.1%
SpanishFeliz Navidad
67%
FrenchJoyeux Noel
27.2%
ItalianBuone Feste Natalizie
10.7%
HawaiianMele Kalikimaka
8.5%
PortugueseFeliz Natal
3.6%
GermanFröhliche Weihnachten
3.2%
Language Saying % Correct
SlovakianSretan Bozic or Vesele vianoce
1.5%
DutchZalig Kerstfeest
1.4%
IrishNollaig Shona Dhuit
1.2%
ArabicMilad Majid
1.1%
GreekKala Christouyenna
1%
KoreanSung Tan Chuk Ha
0.9%
HebrewMo'adim Lesimkha
0.8%

You're not logged in!

Compare scores with friends on all Sporcle quizzes.
OR
Log In

Sporcle TV

Today on Sporcle TV


Watch our educational content, quiz creation guides, and fun videos on Sporcle TV.

Show Comments

Extras

Top Quizzes Today


Score Distribution

Your Account Isn't Verified!

In order to create a playlist on Sporcle, you need to verify the email address you used during registration. Go to your Sporcle Settings to finish the process.

Report this User

Report this user for behavior that violates our Community Guidelines.

Details: